<?xml version="1.0" encoding="UTF-8"?><?xml-stylesheet type="text/xsl" href="static/style.xsl"?><OAI-PMH xmlns="http://www.openarchives.org/OAI/2.0/" xmlns:xsi="http://www.w3.org/2001/XMLSchema-instance" xsi:schemaLocation="http://www.openarchives.org/OAI/2.0/ http://www.openarchives.org/OAI/2.0/OAI-PMH.xsd"><responseDate>2026-04-14T21:01:44Z</responseDate><request verb="GetRecord" identifier="oai:uvadoc.uva.es:10324/72" metadataPrefix="marc">https://uvadoc.uva.es/oai/request</request><GetRecord><record><header><identifier>oai:uvadoc.uva.es:10324/72</identifier><datestamp>2025-02-13T12:54:49Z</datestamp><setSpec>com_10324_30605</setSpec><setSpec>com_10324_894</setSpec><setSpec>col_10324_41</setSpec></header><metadata><record xmlns="http://www.loc.gov/MARC21/slim" xmlns:doc="http://www.lyncode.com/xoai" xmlns:xsi="http://www.w3.org/2001/XMLSchema-instance" xmlns:dcterms="http://purl.org/dc/terms/" xsi:schemaLocation="http://www.loc.gov/MARC21/slim http://www.loc.gov/standards/marcxml/schema/MARC21slim.xsd">
<leader>00925njm 22002777a 4500</leader>
<datafield tag="042" ind1=" " ind2=" ">
<subfield code="a">dc</subfield>
</datafield>
<datafield tag="720" ind1=" " ind2=" ">
<subfield code="a">Martín Gil, Jesús</subfield>
<subfield code="e">author</subfield>
</datafield>
<datafield tag="260" ind1=" " ind2=" ">
<subfield code="c">1977</subfield>
</datafield>
<datafield tag="520" ind1=" " ind2=" ">
<subfield code="a">La presente tesis doctoral sobre sulfatos complejos del ión uranilo es relativa a la preparación, propiedades y estudios termogravimétrico, radiocristalográfico y espectroscópico de nuevas especies complejas de uranio (VI) trabajando en medios fuertemente ácidos en sulfúrico. Incluye una discusión respecto a resultados obtenidos por otros autores con resinas cambiadores iónicas.&#xd;
&#xd;
La memoria de esta Tesis Doctoral recibió la calificación de sobresaliente cum laude, Premio extraordinario de Doctorado de la Facultad de Ciencias de Valladolid (1978) y Premio de Doctorado (Premio de título) del Colegio de Doctores y Licenciados del Distrito Universitario de Valladolid.</subfield>
</datafield>
<datafield tag="024" ind2=" " ind1="8">
<subfield code="a">http://uvadoc.uva.es/handle/10324/72</subfield>
</datafield>
<datafield tag="024" ind2=" " ind1="8">
<subfield code="a">b1552585</subfield>
</datafield>
<datafield tag="024" ind2=" " ind1="8">
<subfield code="a">10.35376/10324/72</subfield>
</datafield>
<datafield ind1=" " ind2=" " tag="653">
<subfield code="a">Compuestos complejos</subfield>
</datafield>
<datafield ind1=" " ind2=" " tag="653">
<subfield code="a">Química inorgánica</subfield>
</datafield>
<datafield tag="245" ind1="0" ind2="0">
<subfield code="a">Sulfatos complejos de uranilo</subfield>
</datafield>
</record></metadata></record></GetRecord></OAI-PMH>